000 00873cab a2200217 4500
001 ##L134065
008 060705n2006 000 0 eng u
035 _a(Sirsi) u134065
041 0 _aeng
100 1 _aHipwell, Deirdre
245 0 0 _aLondon boroughs west
_bregional
260 _c2006
490 0 _aProperty Week
_v71(26) 30 June 2006, 73-84(6)
520 _aLooks at the reluctance of west London boroughs to grant planning permission for big stores such as Tesco and Ikea, recently rejected by Hillingdon council; Hayes' lacklustre office market, despite its proximity to Heathrow airport; and recovery in the office market indicated by an increase in speculative development.
590 _aIKA180706
651 4 _aWEST LONDON
651 4 _aHILLINGDON
651 4 _aHAYES
690 _aPROPERTY-COMMERCIAL PROPERTY-COMMERCIAL PROPERTY MARKET
942 _n0
999 _c77348
_d77348